| 000 | 00708nam a22002057a 4500 | ||
|---|---|---|---|
| 005 | 2010072205365.0 | ||
| 010 | _aENG-96685 | ||
| 020 |
_a9788126023509 _c175.00 |
||
| 035 | _aEN-80218 | ||
| 037 | _bDBAD/VEN | ||
| 082 | _aS | ||
| 100 |
_aNayar, Rana _9741 |
||
| 245 |
_aTales of tomorrow: _cby Rana Nayar _ba collection of contemporary indian stories in english/ |
||
| 260 |
_aNew Delhi _bSahitya Akademi _c2008 |
||
| 270 |
_bNew Delhi _e110001 _aRabindra Bhavan, 35, Ferozeshah Road,, |
||
| 300 |
_axxxiii, 264 p. _c22 cm (pbk) |
||
| 942 |
_2ddc _cEN _mNAY _hS |
||
| 999 |
_c37228 _d37228 |
||